Zámena majetku z daňového hľadiska

Cieľom článku je poskytnúť komplexný pohľad na zdaňovanie a účtovanie príjmu dosiahnutého zámenou. Právne hľadisko zámeny. Zámena a zákon o dani z príjmov. Zámena a daň z pridanej hodnoty.

Uložené v:
Podrobná bibliografia
Hlavný autor: Drozd, Marián
Médium: Kapitola
Jazyk:Slovak
Predmet:
Tagy: Pridať tag
Žiadne tagy, Buďte prvý, kto otaguje tento záznam!

MARC

LEADER 00000naa a2200000 4500
001 0312874
005 20251017142036.4
041 0 |a slo 
044 |a SK 
245 1 0 |a Zámena majetku z daňového hľadiska  |c Marián Drozd 
520 |a Cieľom článku je poskytnúť komplexný pohľad na zdaňovanie a účtovanie príjmu dosiahnutého zámenou. Právne hľadisko zámeny. Zámena a zákon o dani z príjmov. Zámena a daň z pridanej hodnoty. 
610 2 0 |a účtovníctvo daňové 
610 2 0 |a účtovníctvo podvojné 
610 2 0 |a dane z príjmov 
610 2 0 |a dane z hodnoty pridanej 
610 2 0 |a majetok obchodný 
610 2 0 |a osoby fyzické 
610 2 0 |a osoby právnické 
610 2 0 |a zákony 
610 2 0 |a zákonník obchodný 
610 2 0 |a zákonník občiansky 
100 1 |a Drozd, Marián